00610nam a2200157 i 450000100060000000300090000600500170001500700030003200800410003510000270007624501350010326000930023830000200033165100780035185200230042954863ES-MaACL20250603174830.0t|040120q1837 sp ||||1| spa d0 aDiego de Día cseud.10aCarta de Don Diego de Día a Don Diego de Noche, en contestación a la que escribió al Exmo. Sr. D. Joaquín María López. aMadrid : bImprenta de la calle del Humilladero, a cargo de don Diego Negrete, c[1837?] a8 p. ; c16 cm. 4aEspaña-xHistoria-z1833-1840, Regencia de María Cristina de Borbón aES-MaACLjT-23-F-9